000 00541nam a2200181 4500
005 20250515143242.0
008 180125b xxu||||| |||| 00| 0 eng d
020 _a971-8966-5-8
082 _aDFil 657.076 V238 2004
100 _925800
_aValix, Conrado T.
245 _aPractical accounting 1 CPA examination/
_cConrado T. Valix.
250 _a2004 EDITION
260 _aManila:
_bGIC Enterpises & Co., Inc.,
_c ©2004.
300 _a815 pages;
_c21 cm.
500 _aIncludes appendix.
650 0 _925801
_aAccounting
942 _2ddc
_cDFIL
999 _c8343
_d8343